Financiación internacional (Registro nro. 2644)
[ vista simple ]
| 000 -LEADER | |
|---|---|
| fixed length control field | 01901 a2200205 4500 |
| 001 - CONTROL NUMBER | |
| control field | 36402 |
| 005 - DATE AND TIME OF LATEST TRANSACTION | |
| control field | 20260407155639.0 |
| 008 - FIXED-LENGTH DATA ELEMENTS--GENERAL INFORMATION | |
| fixed length control field | 260407a1974 arg spa d |
| 003 - CONTROL NUMBER IDENTIFIER | |
| control field | AR-UNSa-BCEJYS |
| 040 ## - CATALOGING SOURCE | |
| Original cataloging agency | AR-UNSa-BCEJYS |
| Language of cataloging | spa |
| Transcribing agency | AR-UNSa-BCEJYS |
| 080 ## - UNIVERSAL DECIMAL CLASSIFICATION NUMBER | |
| Universal Decimal Classification number | 658.15 |
| Common auxiliary subdivision | Administración financiera privada. Gestión financiera de empresas<br/> |
| 020 ## - INTERNATIONAL STANDARD BOOK NUMBER | |
| International Standard Book Number | 84-309-0483-2 |
| 100 1# - MAIN ENTRY--PERSONAL NAME | |
| Personal name | Cooper, R.N. |
| 245 10 - TITLE STATEMENT | |
| Title | Financiación internacional |
| 264 #1 - PRODUCTION, PUBLICATION, DISTRIBUTION, MANUFACTURE, AND COPYRIGHT NOTICE | |
| Place of production, publication, distribution, manufacture | Madrid : |
| Name of producer, publisher, distributor, manufacturer | Tecnos |
| Date of production, publication, distribution, manufacture, or copyright notice | 1974 |
| 300 ## - PHYSICAL DESCRIPTION | |
| Extent | 331 p. |
| Dimensions | 24 cm. |
| 505 ## - FORMATTED CONTENTS NOTE | |
| Formatted contents note | I. El mecanismo de ajuste con tipos de cambio fijos: 1. De la balanza de pagos - 2. Mito y realidades del llamado patrón oro - 3. El problema de las transferencias y la estabilidad del cambio - 4. Algunas implicaciones de la experiencia de Puerto Rico - II. Ajuste mediante variaciones en los tipos de cambio : 5. El mercado de cambio y la estabilidad de la balanza de pagos: un análisis teoríco - 6. El papel del dinero en la estabilidad de la balanza comercial; síntesis de los enfoques de elasticidad y absorción - 7. Datos sobre el mecanismo internacional de precios - 8. La doctrina de paridad del poder adquisitivo - 9. Flexibilidad limitada del tipo de cambio - 10. Areas monetarias óptimas - III. Política gubernamental y ajuste de la balanza de pagos: 11. Hacia una teoría general de la balanza de pagos - 12. Representación geométrica de políticas para obtener el equilibrio interno y externo - 13. Políticas financieras nacionales con tipos de cambio fijo y flotante - 14. Problemas teóricos del sistema monetario internacional - IV. Liquídez internacional y movimientos internacionales de capital: 15. La regla de la consigna de las reservas internacionales: creación de reservas y transferencias de recursos - 16. La invensión internacional actual a la luz de la experiencia del siglo XIX. |
| 590 ## - LOCAL NOTE (RLIN) | |
| Local note | niveau_biblio:m niveau_hierar:0 |
| 942 ## - ADDED ENTRY ELEMENTS (KOHA) | |
| Koha item type | |
| Withdrawn status | Lost status | Damaged status | Not for loan | Home library | Current library | Shelving location | Date acquired | Total checkouts | Full call number | Barcode | Date last seen | Price effective from | Koha item type |
|---|---|---|---|---|---|---|---|---|---|---|---|---|---|
| Biblioteca Prof. Eusebio Cleto del Rey | Biblioteca Prof. Eusebio Cleto del Rey | 07/04/2026 | 658.15 C776 | L53229 | 07/04/2026 | 07/04/2026 | Libro |